| 000 | 00354 a2200121 4500 | ||
|---|---|---|---|
| 001 | ART_29461 | ||
| 005 | 20260410161729.0 | ||
| 008 | 260409a | ||
| 245 | 1 | 0 | _aLa inflación argentina actual |
| 100 | 1 | _aGastaldi, Santiago | |
| 700 | 1 | _aArri, Noelia Vanina | |
| 773 | 0 |
_tCiencias económicas _g- Año 11, Vol. 1 (ene. 2014) _wREV2567 |
|
| 999 |
_c17645 _d17645 |
||